000 00484nam a2200169Ia 4500
008 151021s9999 xx 000 0 und d
020 _a9.7800729769e+012
050 _aTA351.B44 2007
245 _a_Vector Mechanics For Engineers[8th ed] Statics
260 _aBoston McGraw-Hill 2007
300 _axix,621p.
500 _aIncludes index
500 _aIncludes index
650 _a_Statics
700 _a_E. Russell Johnston ,JR.
980 _a^d20140402 12:28:23^omwanik
999 _c14897
_d14897